书目信息 |
| 题名: |
市政工程与建筑电气设计应用
|
|
| 作者: | 朱桂胜 , 韩东霞 主编 | |
| 分册: | ||
| 出版信息: | 长春 吉林科学技术出版社 2022.05 |
|
| 页数: | 144页 | |
| 开本: | 24cm | |
| 丛书名: | ||
| 单 册: | ||
| 中图分类: | TU99 , TU85 | |
| 科图分类: | ||
| 主题词: | 市政工程--shi zheng gong cheng--工程施工 , 房屋建筑设备--fang wu jian zhu she bei--电气设备--建筑设计 | |
| 电子资源: | ||
| ISBN: | 978-7-5578-9286-9 | |
| 000 | 01209nam0 2200277 450 | |
| 001 | CAL 012022047743 | |
| 005 | 20230217093112.0 | |
| 010 | @a978-7-5578-9286-9@dCNY48.00 | |
| 100 | @a20221108d2022 em y0chiy0120 ea | |
| 101 | 0 | @achi |
| 102 | @aCN@b220000 | |
| 105 | @ay a 000yy | |
| 106 | @ar | |
| 200 | 1 | @a市政工程与建筑电气设计应用@Ashi zheng gong cheng yu jian zhu dian qi she ji ying yong@f朱桂胜, 韩东霞主编 |
| 210 | @a长春@c吉林科学技术出版社@d2022.05 | |
| 215 | @a144页@d24cm | |
| 320 | @a有书目 (第143-144页) | |
| 330 | @a本书根据国家、行业及地方新的标准、规范要求, 结合建筑工程技术人员和工程实际, 紧扣建筑施工新技术、新材料、新工艺、新产品、新标准的发展步伐, 对涉及建筑施工的专业知识, 进行了科学、合理的划分, 由浅入深, 重点突出。本书主要内容包括: 市政工程的绿色施工管理、市政道路工程施工技术、市政施工道路工程施工措施计划、建筑电气设备和建筑电气照明等。 | |
| 606 | 0 | @a市政工程@Ashi zheng gong cheng@x工程施工 |
| 606 | 0 | @a房屋建筑设备@Afang wu jian zhu she bei@x电气设备@x建筑设计 |
| 690 | @aTU99@v5 | |
| 690 | @aTU85@v5 | |
| 701 | 0 | @a朱桂胜@Azhu gui sheng@4主编 |
| 701 | 0 | @a韩东霞@Ahan dong xia@4主编 |
| 801 | 0 | @aCN@bBJXHZP@c20230228 |
| 905 | @b1379597-600@dTU99@e2129@f4 | |
| 市政工程与建筑电气设计应用/朱桂胜, 韩东霞主编.-长春:吉林科学技术出版社,2022.05 |
| 144页;24cm |
| ISBN 978-7-5578-9286-9:CNY48.00 |
| 本书根据国家、行业及地方新的标准、规范要求, 结合建筑工程技术人员和工程实际, 紧扣建筑施工新技术、新材料、新工艺、新产品、新标准的发展步伐, 对涉及建筑施工的专业知识, 进行了科学、合理的划分, 由浅入深, 重点突出。本书主要内容包括: 市政工程的绿色施工管理、市政道路工程施工技术、市政施工道路工程施工措施计划、建筑电气设备和建筑电气照明等。 |
| ● |
| 相关链接 |
|
|
|
|
正题名:市政工程与建筑电气设计应用
索取号:TU99/2129
 
预约/预借
| 序号 | 登录号 | 条形码 | 馆藏地/架位号 | 状态 | 备注 |
| 1 | 1379597 | 213795972 | 第二样本阅览室/ [索取号:TU99/2129] | 在馆 | |
| 2 | 1379598 | 213795981 | 第三借阅区/ [索取号:TU99/2129] | 在馆 | |
| 3 | 1379599 | 213795990 | 第三借阅区/ [索取号:TU99/2129] | 在馆 | |
| 4 | 1379600 | 213796007 | 第三借阅区/ [索取号:TU99/2129] | 在馆 |